Eutrophication processes in coastal systems : origin and succession of plankton blooms and effects on secondary production in Gulf Coast estuaries
Αποθηκεύτηκε σε:
| Κύριος συγγραφέας: | |
|---|---|
| Μορφή: | Βιβλίο |
| Γλώσσα: | English |
| Δημοσίευση: |
Boca Raton :
CRC Press,
c2001
|
| Σειρά: | Marine science series
|
| Θέματα: | |
| Ετικέτες: |
Προσθήκη ετικέτας
Δεν υπάρχουν, Καταχωρήστε ετικέτα πρώτοι!
|
MARC
| LEADER | 00000nam a2200000 i 4500 | ||
|---|---|---|---|
| 001 | 1/95346 | ||
| 008 | 081014s2001 eng d | ||
| 020 | |a 0-8493-9062-1 | ||
| 035 | |l 10100854 | ||
| 040 | |a GR-MY-UA |b gre |e aacr | ||
| 041 | 0 | |a eng | |
| 082 | 0 | |a 577.786364 |2 (22) | |
| 100 | 1 | |a Livingston, Robert J. | |
| 245 | 1 | 0 | |a Eutrophication processes in coastal systems : |b origin and succession of plankton blooms and effects on secondary production in Gulf Coast estuaries / |c Robert J. Livingston |
| 260 | |a Boca Raton : |b CRC Press, |c c2001 | ||
| 300 | |a 327 σ.; |b εικ., χάρτες; |c 26 εκ. | ||
| 490 | 1 | |a Marine science series | |
| 504 | |a Βιβλιογραφία: σ. 281-299 | ||
| 650 | 0 | 0 | |a Estuarine eutrophication |z Gulf Coast (U.S.) |
| 650 | 0 | 0 | |a Coastal ecology |z Gulf Coast (U.S.) |
| 650 | 0 | 0 | |a Estuarine ecology |z Gulf Coast (U.S.) |
| 830 | 0 | |a Marine science series | |
| 852 | |a INST |b LESVOS |e 20081014 |h 577.786364 LIV |p 005100043260 |q 005100043260 |t BK |y 0 | ||
| 901 | |a BIBL1-2008-3 | ||
| 909 | |a Λ |b 145103 | ||
| 922 | |a 1ΕΛΗ |b 200801 |c ΕΠΕΑΕΚ2/ΤΕΘ |d ΕΛΕΥΘΕΡΟΥΔΑΚΗΣ | ||
| 970 | |a ΚΑΡΑ |b ΓΙΑΣΕΜΗ |z 2008/10/14 | ||